000 00317 a2200157 4500
001 58587
020 _a
040 _cAnchieta - Pituba
100 _aNery, Adalgisa
240 1 0 _aA imaginária
_lpor
245 1 0 _aA imaginária
300 _a209
362 0 _a1970
650 4 _aFicção brasileira
942 _cBK
999 _c58587
_d58587